Deväťdesiat rokov Bratislavských elektrotechnických závodov

Bibliographic Details
Main Author: Fabok, Vladimír (Author)
Format: Article
Language:Slovak
PhysicalDescription:Tab. 1
Subjects:

MARC

LEADER 00000nab a2200000 a 4500
001 vtls000478458
003 SK-MaSNL
005 20260303005540.0
008 120927c1992 xo 0 slo
015 |a SNBRB19rr/mm-uuuuu 
035 |a CL0478593 
040 |a SNKBUCL  |b slo  |c SNKBUCL  |e AACR2 
041 0 |a slo 
044 |a xo  |c SK 
080 |a 621.3.002:621.314.2.002  |2 1981 
080 |a 621.314.2.002  |2 1981 
100 1 |a Fabok, Vladimír  |4 aut  |9 408703 
245 1 0 |a Deväťdesiat rokov Bratislavských elektrotechnických závodov  |c Vladimír Fabok 
300 |b Tab. 1 
610 7 |a Bratislavské elektrotechnické závody (Bratislava, Slovensko)  |2 snkbucl  |9 377063 
651 7 |a 5100  |2 snkbucl  |9 166206 
655 7 |a články z novín a časopisov  |2 snkbucl  |9 267496 
773 0 |t Transformátory  |g Č. 82 (1992), s. 3-4 
850 |a Slovenská národná knižnica v Martine  |a MTA001 
852 |a SNK  |b KIS3GCP 
958 |a RK 
992 |a RBX 
999 |c 1583213  |d 1585143